000 00261nam a2200121Ia 4500
100 _aFomin/S
942 _cBK
654 _aLathe
245 _aHand Book for Lathe Operators & Foremin
260 _bMir publishers
_c2001
082 _a621.9
546 _aENGLISH
999 _c27440
_d27440